000 00836nam a22001817a 4500
999 _c61206
_d61206
005 20240108143227.0
008 240108s1988 ru ||||| |||| 00| 0 rus d
041 _arus
080 _a061:94(479.22) Ж-81
100 _aЖордания, О.К.
_920954
245 _aИнститут истории, археологии и этнографии имени академика И.А. Джавахишвили АН ГССР /
_cО.К. Жордания; АН ГССР.
264 _aТбилиси :
_bМецниереба,
_c1988.
300 _a172 с.:
_b22 см.
653 _aისტორიის, არქეოლოგიისა და ეთნოგრაფიის ინსტიტუტი
653 _aარქეოლოგია
653 _aეთნოგრაფია
942 _2udc
_cᲬᲘᲒᲜᲘ